Иран 60-80-х годов. От культурного плюрализма к исламизации духовных ценностей: идеология, политика,литература

Xehetasun bibliografikoak
Egile nagusia: Кляшторина В. Б. Вера Борисовна
Hizkuntza:errusiera
Argitaratua: Москва, Наука, 1990
Gaiak:
Formatua: MixedMaterials Liburua
KOHA link:https://koha.lib.tpu.ru/cgi-bin/koha/opac-detail.pl?biblionumber=168011

MARC

LEADER 00000nam0a2200000 4500
001 168011
005 20231031162951.0
010 |a 5020169366 
020 |a RU  |b 90-64599 
035 |a (RuTPU)RU\TPU\book\182286 
090 |a 168011 
100 |a 20091023d1990 m a0rusy5003 ca 
101 0 |a rus 
102 |a RU 
105 |a y z 001zy 
200 1 |a Иран 60-80-х годов. От культурного плюрализма к исламизации духовных ценностей  |e идеология, политика,литература  |f В. Б. Кляшторина 
210 |a Москва  |c Наука  |d 1990 
215 |a 207 с.  |d 22 см 
320 |a Библиогр.: с. 203-206. 
320 |a Библиография в примечаниях. с. 196-203. 
610 1 |a общественная мысль 
610 1 |a иранская культура 
610 1 |a Иран 
610 1 |a 20 в. 
686 |a Т3(5Ирн)  |2 rubbk 
686 |a Э38  |2 rubbk 
700 1 |a Кляшторина  |b В. Б.  |g Вера Борисовна  |4 070 
801 0 |a RU  |b RuMRKP  |c 19950417  |g psbo 
801 1 |a RU  |b 63413507  |c 20091023 
801 2 |a RU  |b 63413507  |c 20100630  |g RCR 
942 |c BK